|
|
|
|
| LEADER |
00000cam a2200000 7i4500 |
| 001 |
0000002255 |
| 005 |
20030418.0 |
| 090 |
0 |
0 |
|a R THE583.624
|b HAH 1988
|
| 100 |
1 |
0 |
|a HAHN-Schilling
|h Bernd
|
| 245 |
1 |
0 |
|a Dryobalanops aromatica Gaertn. f. and shorea parvifolia Dyer :
|b a silvicultural analysis of planted dipterocarp stands on the Malaysian Peninsula
|c Bernd Hahn-Schilling
|
| 260 |
0 |
0 |
|a Gottingen :
|b Georg-August Universitat ,
|c 1988
|
| 300 |
|
|
|a iv, 141 p. ;
|c 30 cm.
|
| 500 |
0 |
0 |
|a Bibliography : p. 136-141
|
| 500 |
0 |
0 |
|a Thesis submitted for a degree at the Georg-August Universitat Gottingen (1988)
|
| 500 |
0 |
0 |
|a Translated from the German language
|
| 650 |
0 |
0 |
|a Dipterocarpaceae
|z Peninsular Malaysia
|
| 650 |
0 |
0 |
|a Forest management
|z Peninsular Malaysia
|
| 998 |
|
|
|a JPSM
|
| 999 |
|
|
|a 0000004024
|b Monograph
|c Thesis
|e Default branch
|
| 999 |
|
|
|a 0000004055
|b Monograph
|c Thesis
|e Default branch
|